000 00362nam a2200133Ia 4500
005 20251222144844.0
008 251222s9999||||xx |||||||||||||| ||spa||
020 _a970-10-0428-0
082 _a658.403/C72
100 _aCohen Karen, Daniel
245 0 _aSistemas de Información para la Toma de Decisiones
264 _bMcGRAW-HILL INTERAMERICANA
942 _cLIB
999 _c21341
_d21341